LEADER 02276nam 22006254a 450 001 9910454362603321 005 20200520144314.0 010 $a0-309-17906-8 010 $a1-280-74254-2 010 $a9786610742547 010 $a0-309-66546-9 035 $a(CKB)1000000000521979 035 $a(SSID)ssj0000281103 035 $a(PQKBManifestationID)11912449 035 $a(PQKBTitleCode)TC0000281103 035 $a(PQKBWorkID)10300049 035 $a(PQKB)11668924 035 $a(MiAaPQ)EBC3378181 035 $a(Au-PeEL)EBL3378181 035 $a(CaPaEBR)ebr10160724 035 $a(CaONFJC)MIL74254 035 $a(OCoLC)923276498 035 $a(EXLCZ)991000000000521979 100 $a20070312d2007 uy 0 101 0 $aeng 135 $aurcn||||||||| 181 $ctxt 182 $cc 183 $acr 200 10$aJoint U.S.-Mexico Workshop on Preventing Obesity in Children and Youth of Mexican Origin$b[electronic resource] $esummary /$fMaria Oria and Kristin Sawyer, rapporteurs; Food and Nutrition Board, Institute of Medicine of the National Academies 210 $aWashington, DC $cNational Academies Press$dc2007 215 $axi, 197 p. $cill 300 $aBibliographic Level Mode of Issuance: Monograph 311 $a0-309-10325-8 320 $aIncludes bibliographical references. 606 $aObesity in children$zUnited States$xPrevention$vCongresses 606 $aObesity in children$zMexico$xPrevention$vCongresses 606 $aMexican American children$xHealth and hygiene$vCongresses 606 $aChildren$xHealth and hygiene$zMexico$vCongresses 608 $aElectronic books. 615 0$aObesity in children$xPrevention 615 0$aObesity in children$xPrevention 615 0$aMexican American children$xHealth and hygiene 615 0$aChildren$xHealth and hygiene 676 $a362.198/92398 701 $aOria$b Maria$0884708 701 $aSawyer$b Kristin$0884709 712 02$aInstitute of Medicine (U.S.).$bFood and Nutrition Board. 801 0$bMiAaPQ 801 1$bMiAaPQ 801 2$bMiAaPQ 906 $aBOOK 912 $a9910454362603321 996 $aJoint U.S.-Mexico Workshop on Preventing Obesity in Children and Youth of Mexican Origin$91975592 997 $aUNINA LEADER 01226nam a2200289 i 4500 001 991000466679707536 005 20020506130801.0 008 010315s1968 it 00| 0 ita d 035 $ab10704528-39ule_inst 035 $aEXGIL146133$9ExL 040 $aBiblioteca Interfacoltà$bita 082 0 $a378 245 10$aUniversità :$bl'ipotesi rivoluzionaria :$bdocumenti delle lotte studentesche :$bTrento, Torino, Napoli, Pisa, Milano, Roma 260 $aPadova :$bMarsilio,$c1968 300 $a255 p. ;$c17 cm 490 0 $aLibri contro ;$v1 500 $aA cura di vari 650 4$aMovimento studentesco$zItalia 650 4$aUniversità$zItalia 907 $a.b10704528$b23-02-17$c28-06-02 912 $a991000466679707536 945 $aLE002 Ped. I B 30$g1$i2002000487094$lle002$o-$pE0.00$q-$rl$s- $t0$u0$v0$w0$x0$y.i10799916$z28-06-02 945 $aLE016 VAR 17 57 $g1$i2016000100136$lle016$nFondo Nenci$on$pE5.00$q-$rn$so $t0$u0$v0$w0$x0$y.i14441457$z03-05-07 945 $aLE022 MP 117 E 38$g1$i2022000174466$lle022$nS.i.$o-$pE0.00$q-$rl$s- $t0$u0$v0$w0$x0$y.i13880500$z23-09-04 996 $aUniversità$962405 997 $aUNISALENTO 998 $ale002$ale016$ale022$b01-01-01$cm$da $e-$fita$git $h0$i3